Les personnages des Fous du Volants - Statistiques

Statistiques générales
  • Ce quiz a été pris 34 fois
  • Le résultat moyen est 7 sur 15
Statistiques - réponses
n° de véhicule Nom du véhicule Réponse % Correct
Diabolo
90%
Véhicule n°00 La Démone Double-Zéro Grand Sport Satanas Diabolo
90%
Véhicule n°5 La Compact PussyCat Pénélope Jolicœur
62%
Véhicule n°7 La Cavaillac Blindée Al Carbone et sa bande
45%
Véhicule n°3 L'Auto-aéro-fuseau-planeur Professeur Maboulette
45%
Véhicule n°1 La Caraverne Les frères Têtes-dures (Roc et Gravillon)
41%
Véhicule n°9 Le Turbo Terrific Pierre de Beau-Fixe
41%
Véhicule n°4 Le Bolide Ecarlate Max Le Rouge
38%
Soldat Petit-Pois
38%
Véhicule n°6 Le Tocard Tank Sergent Grosse-Pomme Soldat Petit-Pois
34%
Véhicule n°8 Le Coucou Casse-cou Malabar Malabille
31%
Collégramme
28%
Malabille
28%
Véhicule n°2 La Dingo-Limousine Pique Collégramme
28%
Véhicule n°10 Le Tacot Tout-Terrain Rufus-la-Rondelle (et son castor Saucisson)
28%
Aucun quiz correspondant
Distribution des résultats
% des personnes avec chaque résultat
Percentile par nombre de réponses
Votre historique - résultats
Vous n’avez pas pris ce quiz